Central Library and Information Centre
Sibsagar Girls' College, Sivasagar : Assam

THE CAMBRIDGE ILLUSTRARED HISTORY OF ASTRONOMY (Record no. 13577)

MARC details
000 -LEADER
fixed length control field 00419cam a2200169ua 4500
008 - FIXED-LENGTH DATA ELEMENTS--GENERAL INFORMATION
fixed length control field 141208n1997 II |||gr||||Z||||||eng
040 ## - CATALOGING SOURCE
Original cataloging agency MAIN
041 ## - LANGUAGE CODE
-- English
082 ## - DEWEY DECIMAL CLASSIFICATION NUMBER
Classification number HOS
100 ## - MAIN ENTRY--PERSONAL NAME
Personal name HOSKIN, MICHEAL.
245 ## - TITLE STATEMENT
Title THE CAMBRIDGE ILLUSTRARED HISTORY OF ASTRONOMY
260 ## - PUBLICATION, DISTRIBUTION, ETC.
Place of publication, distribution, etc. LONDON
Name of publisher, distributor, etc. CAMBRIDGE UNIVERSITY PRESS
Date of publication, distribution, etc. 1997
300 ## - PHYSICAL DESCRIPTION
Extent 392:
Dimensions 22CM.
942 ## - ADDED ENTRY ELEMENTS (KOHA)
Koha item type Books
653 ## - INDEX TERM--UNCONTROLLED
Uncontrolled term Astrophysics
Holdings
Withdrawn status Lost status Damaged status Not for loan Collection code Home library Current library Shelving location Date acquired Full call number Barcode Date last seen Copy number Price effective from Koha item type Public note
        TBHIS Central Library and Information Centre Sibsagar Girls College Central Library and Information Centre Sibsagar Girls College HISTORY REFERENCE RACK 23.07.2003 HOS 18720 27.02.2020 1 27.02.2020 Books V


Sibsagar Girl's College © 2020. All rights reserved.
Powered by Koha.
Maintained by Abhijit Borpuzari.